000 00520nam a2200157 a 4500
001 000034967
005 20200930074022.0
008 111024s1974 enk 000 0 spa d
040 _aDO-SdBNP
_bing
_cBNPHU
100 1 _aScchumacher, E. F.
_960562
245 1 0 _aSmall is beatiful :
_ba study of econonomics as if people mattered /
_cE. F. Schumacher.
260 _aLondon :
_bAbacus,
_c1974.
300 _a255 p. ;
_c20 cm.
500 _aIncluye referencias bibliográficas y notas al pie de las páginas.
049 _aBNPD
999 _c34458
_d34458